India : The Emerging Giant (Record no. 1319305)

MARC details
000 -LEADER
fixed length control field 00576nam a2200205Ia 4500
005 - DATE AND TIME OF LATEST TRANSACTION
control field 20250507130354.0
008 - FIXED-LENGTH DATA ELEMENTS--GENERAL INFORMATION
fixed length control field 008 250505s9999 xx 000 0 eng d
020 ## - INTERNATIONAL STANDARD BOOK NUMBER
International Standard Book Number 0-19-569709-X
037 ## - SOURCE OF ACQUISITION
Stock number Annuals, Advances
040 ## - CATALOGING SOURCE
Original cataloging agency EASL
Language of cataloging eng
Transcribing agency EASL
041 ## - LANGUAGE CODE
Language code of text/sound track or separate title eng
Source of code eng
084 ## - COLON CLASSIFICATION NUMBER
Classification number X.2, P8
Assigning agency EASL
100 ## - MAIN ENTRY--PERSONAL NAME
Personal name Panagariya Arvind Au.
9 (RLIN) 307008
245 #0 - TITLE STATEMENT
Title India : The Emerging Giant
260 ## - PUBLICATION, DISTRIBUTION, ETC.
Place of publication, distribution, etc. UK
Name of publisher, distributor, etc. Oxford Oxford University Press
Date of publication, distribution, etc. 2008
300 ## - PHYSICAL DESCRIPTION
Extent xxx,514p.
365 ## - TRADE PRICE
Price type code Rs.
Price amount 695
942 ## - ADDED ENTRY ELEMENTS (KOHA)
Koha item type Textual
Classification part X.2, P8

No items available.

Copyright @ Delhi University Library System